We’ll meet again (Record no. 36971)

MARC details
000 -LEADER
fixed length control field 00591nam a2200181Ia 4500
020 ## - INTERNATIONAL STANDARD BOOK NUMBER
ISBN 0684835975
050 ## - CALL MARK
Classification number PS 3553 .L287 .W46/
100 ## - STATEMENT OF RESPONSIBILITY--MAIN AUTHOR NAME
Personal name Clark, Mary Higgins
245 #0 - TITLE STATEMENT
Title We’ll meet again
260 ## - PUBLICATION, DISTRIBUTION, ETC. (IMPRINT)
Place of publication New York
260 ## - PUBLICATION, DISTRIBUTION, ETC. (IMPRINT)
Name of publisher Simon & Schuster
260 ## - PUBLICATION, DISTRIBUTION, ETC. (IMPRINT)
Year of publication 1999
300 ## - PHYSICAL DESCRIPTION
Number of Pages 314 p
650 ## - SUBJECT ADDED ENTRY--TOPICAL TERM
Topical Term Investigative reporting_Fiction |9 387416 Women journalists_Fiction |9 181266 Judicial error_Fiction |9 235909 Murder_Fiction |9 189654 Connecticut |9 387417 Romantic suspense novels.
942 ## - ADDED ENTRY ELEMENTS (KOHA)
Koha item type Books
Holdings
Withdrawn status Lost status Source of classification or shelving scheme Damaged status Not for loan Permanent Location Current Location Date acquired Accession Number Price effective from Koha item type
    Library of Congress Classification     NILE UNIVERSITY OF NIGERIA - MAIN LIBRARY NILE UNIVERSITY OF NIGERIA - MAIN LIBRARY 04/23/2025 0010674 04/23/2025 Books